书目信息 |
| 题名: |
苏霍姆林斯基教育箴言
|
|
| 作者: | 苏霍姆林斯基 著 ;朱永新 编 | |
| 分册: | ||
| 出版信息: | 北京 教育科学出版社 2021.09 |
|
| 页数: | 309页 | |
| 开本: | 19cm | |
| 丛书名: | ||
| 单 册: | ||
| 中图分类: | G40-095.12 | |
| 科图分类: | ||
| 主题词: | 教育思想--jiao yu si xiang--苏联--现代 | |
| 电子资源: | ||
| ISBN: | 978-7-5191-0090-2 | |
| 000 | 00837nam0 2200253 450 | |
| 001 | 012001003089 | |
| 005 | 20141204123431.0 | |
| 010 | @a978-7-5191-0090-2@dCNY29.80 | |
| 099 | @aCAL 012016037687 | |
| 100 | @a20220905d2016 em y0chiy50 ea | |
| 101 | 0 | @achi |
| 102 | @aCN@b110000 | |
| 105 | @aa z 000yy | |
| 106 | @ar | |
| 200 | 1 | @a苏霍姆林斯基教育箴言@Asu huo mu lin si ji jiao yu zhen yan@f(苏) 苏霍姆林斯基著@g朱永新编 |
| 210 | @a北京@c教育科学出版社@d2021.09 | |
| 215 | @a309页@c图@d19cm | |
| 600 | 1 | @a苏霍姆林斯基,@Asu huo mu lin si ji ,@f1918-1970@x教育思想 |
| 606 | 0 | @a教育思想@Ajiao yu si xiang@y苏联@z现代 |
| 690 | @aG40-095.12@v5 | |
| 701 | 1 | @a苏霍姆林斯基@Asu huo mu lin si ji@f1918-1970@4著 |
| 702 | 0 | @a朱永新@Azhu yong xin@4编 |
| 801 | 0 | @aCN@bAHXH@c20221111 |
| 905 | @b1374055-9@dG40-095.12@e1340@f5 | |
| 苏霍姆林斯基教育箴言/(苏) 苏霍姆林斯基著/朱永新编.-北京:教育科学出版社,2021.09 |
| 309页:图;19cm |
| ISBN 978-7-5191-0090-2:CNY29.80 |
| ● |
| 相关链接 |
|
|
|
|
正题名:苏霍姆林斯基教育箴言
索取号:G40-095.12/1340
 
预约/预借
| 序号 | 登录号 | 条形码 | 馆藏地/架位号 | 状态 | 备注 |
| 1 | 1374055 | 213740558 | 第一样本阅览室/ [索取号:G40-095.12/1340] | 在馆 | |
| 2 | 1374056 | 213740567 | 教育系资料室/ [索取号:G40-095.12/1340] | 在馆 | |
| 3 | 1374057 | 213740576 | 教育系资料室/ [索取号:G40-095.12/1340] | 在馆 | |
| 4 | 1374058 | 213740585 | 第四借阅区/ [索取号:G40-095.12/1340] | 在馆 | |
| 5 | 1374059 | 213740594 | 第四借阅区/ [索取号:G40-095.12/1340] | 在馆 |